000 00681nam a2200193Ia 4500
001 157987
003 252620
005 20250114141406.0
008 ||||||n9999 ||| || ||
082 _a573.67
100 _aPardo Camacho, Duberley
_9197918
245 0 _aImpacto social del embarazo a temprana edad municipio de Barbosa Santander
504 _aIncluye bibliografía
562 _e1
650 _aEMBARAZO EN ADOLESCENTES--BARBOSA (SANTANDER, COLOMBIA)
_9197919
650 0 _aESCUELA SUPERIOR DE ADMINISTRACIÓN PÚBLICA (MONIQUIRÁ-BOYACÁ)--TESIS Y DISERTACIONES ACADÉMICAS
_9197934
650 0 _aAdministradores Públicos (Boyacá)
_996090
942 _cTESIS
999 _c157987
_d157987